|
|
|
|
| LEADER |
00000nas a2200000 a 4500 |
| 005 |
20111129105939.0 |
| 007 |
cr ||||||||||| |
| 008 |
110609c19429999sp tr p s o0 b0spa c |
| 022 |
|
|
|a 1989-8975
|y 1699-7476
|
| 035 |
|
|
|a 6051
|
| 035 |
|
|
|a 12499
|
| 040 |
|
|
|d vLex
|
| 090 |
|
|
|c 2800
|d 2800
|
| 222 |
|
0 |
|a Revista de estudios de la administracin̤ local y autonm̤ica
|b (2005. Internet)
|
| 245 |
0 |
0 |
|a Revista de estudios de la administracin̤ local y autonm̤ica
|h [Recurso electrn̤ico]
|
| 246 |
3 |
|
|a REALA
|
| 247 |
0 |
0 |
|a Revista de estudios de la vida local
|
| 247 |
0 |
0 |
|a Revista de estudios de la administracin̤ local
|
| 256 |
|
|
|a Servicio en ln̕ea
|
| 260 |
|
|
|a Madrid :
|b Instituto Nacional de Administracin̤ Pb︢lica,
|c 2005-
|
| 300 |
|
|
|a 1 recurso electrn̤ico
|
| 362 |
0 |
|
|a No. 1 (ene./feb 1942)-
|
| 500 |
|
|
|a A partir de 2014 la revista tiene una nueva numeracin̤, el nuevo contenido se encuentra en la fuente 12499. Los contenidos de la p̌oca antigua siguen disponibles en la fuente 6051
|
| 506 |
1 |
|
|a Contenido solo disponible en los productos indicados
|d vLex Global
|d vLex Global (Academic Edition, excluding Law Schools)
|d vLex Global (U.S. Academic Edition, Law Schools)
|d vLex Global (U.S. Academic Edition, excluding Law Schools)
|d vLex Global (Academic Edition, Law Schools)
|
| 530 |
|
|
|a Versin̤ en ln̕ea del mismo tt̕ulo impreso
|
| 650 |
0 |
4 |
|a Administracin̤ local
|
| 650 |
0 |
4 |
|a Administracin̤ autonm̤ica
|
| 651 |
0 |
4 |
|a Espaą
|
| 710 |
2 |
|
|a Instituto Nacional de Administracin̤ Pb︢lica (Espaą)
|
| 740 |
0 |
|
|a vLex Libros (Servicio en ln̕ea)
|
| 856 |
4 |
0 |
|z Acceso restringido
|u http://vlex.com/source/revista-estudios-administracion-local-autonomica-6051
|
| 942 |
|
|
|c REV
|